El ermitaño de la calle 69 : (Registro nro. 8790)

Detalles MARC
000 -LIDER
fixed length control field 00940nam a22002897a 4500
001 - NÚMERO DE CONTROL
Identificador de número de control 389281
003 - IDENTIFICACDOR DE NÚMERO DE CONTROL
control field DO-SdBNP
005 - DATE AND TIME OF LATEST TRANSACTION
control field 20180125100838.0
007 - CAMPOS FIJOS DE DESCRIPCIÓN FÍSICA
fixed length control field 389281
008 - ELEMENTOS DE LONGITUD FIJA
fixed length control field 931220s1993 sp | |||| ||spa
016 7# - NO. DE CONTROL DE LA AGENCIA BIB. NACIONAL
Source BPMSU
020 ## - ISBN
International Standard Book Number 848130011X
040 ## - FUENTE DE CATALOGACIÓN
Agencia que crea de manera original el registro BPMSU
Idioma de catalogación spa
Agencia que realiza la transcripción BPMSU
041 1# - CÓDIGOS DE OBRAS TRADUCIDAS O EN VARIOS IDIOMAS
Código del idioma del texto/archivo de sonido o separata spa
080 #0 - NÚMERO DE CLASIFICACIÓN DECIMAL UNIVERSAL
Universal Decimal Classification number 820(73)-32"19"
100 1# - ASIENTO PRINCIPAL -- NOMBRE PERSONAL
Nombre personal Kosinski, Jerzy
Fechas asociadas con el nombre 1933-1991
240 13 - TITULO UNIFORME
Título uniforme The hermit of 69th street
Idioma de una obra Español
245 13 - MENCIÓN DE TITULO
Título El ermitaño de la calle 69 :
Subtítulo los papeles de trabajo de Norbert Kosky /
Mención de responsabilidad Jerzy Kosinski ; traducción, Domingo Santos
260 ## - PUBLICACIÓN, DISTRIBUCIÓN, ETC. (PIE DE IMPRENTA)
Lugar de publicación, distribución, etc Barcelona :
Nombre del editor, distribuidor, etc. Edicones Primera Plana
Fecha de publicación, distribución, etc 1993
300 ## - DESCRIPCIÓN FÍSICA
Extensión 95 p.:
Dimensiones 21 cm,
490 ## - MENCIÓN DE SERIES
Mención de serie Grandes autores Biblioteca de literatura universal
700 1# - ASIENTO SECUNDARIO -- NOMBRE PERSONAL
Nombre personal Santos, Domingo
Fechas asociadas con el nombre 1941-
830 ## - ASIENTO SECUNDARIO DE SERIE--TÍTULO UNIFORME
Nombre de la parte o sección de una obra Grandes autores Biblioteca de literatura universal
942 ## - ADDED ENTRY ELEMENTS (KOHA)
Source of classification or shelving scheme Dewey Decimal Classification
Koha item type Libros
945 ## - INFORMACIÓN DE PROCESAMIENTO LOCAL
Información de procesamiento local inventariado, 2018 / dg
956 ## - LOCAL ELECTRONIC LOCATION AND ACCESS (OCLC)
Método de acceso VMATEO
Materiales especificados 10
Enlace 20151118
Campo enlazado y núm. de secuencia BPMSU
Nombre de host 00151
Existencias
Withdrawn status Lost status Source of classification or shelving scheme Damaged status Not for loan Home library Current library Date acquired Source of acquisition Total Checkouts Barcode Date last seen Price effective from Koha item type Copy number
    Dewey Decimal Classification     Biblioteca Pública Metropolitana Salomé Ureña Biblioteca Pública Metropolitana Salomé Ureña 11/18/2015 FUNDI   BPMSU15110360 11/18/2015 11/18/2015 Libros  
    Dewey Decimal Classification     Biblioteca Pública Metropolitana Salomé Ureña Biblioteca Pública Metropolitana Salomé Ureña 11/18/2015 FUNDI   BPMSU15110361 11/18/2015 11/18/2015 Libros ej. 2